000 00737nas a2200253 4500
001 BR2011006193
003 BR-BrBNA
005 20231205115150.0
007 ta
008 230509b bl.|||p| |||| 00| 00por d
040 _aBR-BrBNA
_bpor
_cBiblioteca Nacional de Agricultura
041 _a(Pt)
072 _aQ04
100 1 _aCartonilho, M.M.
100 1 _aJesus, R.S. de
245 1 _aQualidade de cortes congelados de tambaqui cultivado
650 _aTAMBAQUI
650 _aPEIXE
650 _aCONGELAMENTO
650 _aQUALIDADE
773 0 _tPesquisa Agropecuária Brasileira (Brazil)
_xISSN 0100-204X
_g(Apr 2011), v. 46(4) p. 344-350
_wBR2011006193
909 _a202311
_bLúcia
_c55
_dLúcia Elande
942 _2AGRIS
_n0
_cANA
999 _c212402
_d212402